[Event "AUTO-OPEN-4587"]
[Site "http://www.queenalice.com/game.php?id=1867651"]
[Date "2026.1.7"]
[Round "2"]
[White "Magnaroc"]
[Black "chessman"]
[Result "1-0"]
[WhiteElo "1766"]
[BlackElo "2065"]

1. e4 e6 2. d4 d5 3. Nc3 dxe4 4. Nxe4 Nd7 5. Nf3 Ngf6 6. Nxf6+ Nxf6 7. Bg5 Be7
8. Bc4 O-O 9. O-O a6 10. a4 Rb8 11. Ne5 Nd5 12. Bxe7 Qxe7 13. Bb3 c6 14. Re1 f6
15. Nf3 Bd7 16. Bxd5 cxd5 17. a5 Bc6 18. b4 Qf7 19. c3 Rfe8 20. h3 Qc7 21. Re3
e5 22. dxe5 fxe5 23. Qb3 h6 24. Rae1 Kh8 25. Rxe5 Rxe5 26. Rxe5 d4 27. cxd4 Rf8
28. Re3 Qd6 29. Ne5 Qf6 30. Qc2 Bb5 31. Ng6+ Kg8 32. Rf3 1-0

[Event "AUTO-OPEN-4587"]
[Site "http://www.queenalice.com/game.php?id=1867658"]
[Date "2026.1.7"]
[Round "2"]
[White "josebaron"]
[Black "Magnaroc"]
[Result "0-1"]
[WhiteElo "2191"]
[BlackElo "1884"]

1. e4 e5 2. Nf3 Nc6 3. d4 exd4 4. Nxd4 Nf6 5. Nxc6 bxc6 6. Bd3 Be7 7. O-O O-O 8.
Nd2 Bc5 9. Nf3 d6 10. Bg5 h6 11. Bh4 g5 12. Bg3 Nh5 13. e5 Nxg3 14. hxg3 Bg4 15.
exd6 cxd6 16. Be2 Re8 17. c3 a5 18. Nd4 Bxe2 19. Nxe2 Re5 20. Nd4 Bxd4 21. cxd4
Rd5 22. Rc1 c5 23. Rc4 Qf6 24. Qf3 Qxf3 25. gxf3 cxd4 26. Rd1 d3 27. b3 Re8 28.
Rc3 d2 29. Kf1 f5 30. Rc2 Kf7 31. Rcxd2 Rxd2 32. Rxd2 Ke6 33. Re2+ Kd7 34. Rxe8
Kxe8 35. Ke2 h5 36. Kf1 d5 0-1

[Event "AUTO-ADV-4912"]
[Site "http://www.queenalice.com/game.php?id=1867898"]
[Date "2026.1.11"]
[Round "1"]
[White "Magnaroc"]
[Black "Connor"]
[Result "1/2-1/2"]
[WhiteElo "1837"]
[BlackElo "1837"]

1. e4 e5 2. Nf3 d6 3. d4 exd4 4. Nxd4 Be7 5. Be2 Nf6 6. Nc3 Bd7 7. O-O O-O 8. h3
Nc6 9. Be3 Nxd4 10. Bxd4 Bc6 11. Bd3 a6 12. a4 b6 13. Re1 Bb7 14. e5 dxe5 15.
Bxe5 Bd6 16. Bxd6 Qxd6 17. Ne4 Nxe4 18. Bxe4 Qxd1 19. Raxd1 Bxe4 20. Rxe4 Rfe8
21. Rde1 Rxe4 22. Rxe4 g6 23. Re7 Rc8 24. c4 Kf8 25. Re3 Re8 26. Rxe8+ Kxe8 27.
f4 f5 28. h4 Kf7 29. Kf2 c6 30. Ke3 c5 31. b3 Ke6 32. Kd3 Kd6 33. Kc3 Kc6 34. g3
h5 35. b4 a5 36. b5+ 1/2-1/2

[Event "AUTO-ADV-4912"]
[Site "http://www.queenalice.com/game.php?id=1867899"]
[Date "2026.1.11"]
[Round "1"]
[White "Connor"]
[Black "Magnaroc"]
[Result "0-1"]
[WhiteElo "1854"]
[BlackElo "1820"]

1. d4 e6 2. e3 Nf6 3. c4 c5 4. Nf3 Nc6 5. Nc3 d5 6. a3 cxd4 7. Nxd4 dxc4 8. Bxc4
Nxd4 9. exd4 Be7 10. O-O h6 11. Bb5+ Bd7 12. Bxd7+ Qxd7 13. Re1 O-O 14. Ne4 Rfd8
15. Nxf6+ Bxf6 16. Be3 Bxd4 17. Bxd4 Qxd4 18. Qxd4 Rxd4 19. g3 Rd2 20. b4 b5 21.
Red1 Rad8 22. Rxd2 Rxd2 23. a4 bxa4 24. Rxa4 Rb2 25. Kg2 f6 0-1

[Event "AUTO-ADV-4913"]
[Site "http://www.queenalice.com/game.php?id=1868156"]
[Date "2026.1.19"]
[Round "1"]
[White "Capixabba789"]
[Black "Magnaroc"]
[Result "0-1"]
[WhiteElo "1875"]
[BlackElo "1906"]

1. e4 e5 2. Bc4 Nf6 3. Nf3 Nxe4 4. O-O d6 5. d4 d5 6. Bd3 exd4 7. Nxd4 Bc5 8.
Nf3 O-O 9. Bf4 Bg4 10. Bxe4 dxe4 11. Qxd8 Rxd8 12. Nfd2 Bd6 13. Bxd6 Rxd6 14.
Nxe4 Rc6 15. Nbc3 Bf5 16. Rad1 Nd7 17. Ng3 Be6 18. Nge4 Nc5 19. Rfe1 Nxe4 20.
Rxe4 a6 21. h3 h6 22. Red4 Kf8 23. Rd8+ Rxd8 24. Rxd8+ Ke7 25. Rd2 Rd6 26. Rxd6
Kxd6 27. g4 h5 28. f3 hxg4 29. hxg4 f5 30. gxf5 Bxf5 31. Ne4+ Bxe4 32. fxe4 Ke5
33. Kf2 Kxe4 34. c4 Kd4 35. Kf3 Kxc4 36. Kg4 Kd3 37. Kg5 Kc2 0-1

[Event "AUTO-ADV-4913"]
[Site "http://www.queenalice.com/game.php?id=1868157"]
[Date "2026.1.19"]
[Round "1"]
[White "Magnaroc"]
[Black "Capixabba789"]
[Result "1/2-1/2"]
[WhiteElo "1837"]
[BlackElo "1907"]

1. e4 e5 2. Nf3 d6 3. d4 exd4 4. Nxd4 Nf6 5. Nc3 Be7 6. Be2 O-O 7. O-O Bd7 8.
Re1 Nc6 9. Nxc6 Bxc6 10. Bb5 Bxb5 11. Nxb5 a6 12. Nc3 Re8 13. Bg5 Rc8 14. Nd5
Nxd5 15. Qxd5 Bxg5 16. b3 Bf6 17. Rad1 b6 18. a4 h6 19. h3 Re5 20. Qd3 a5 21. c4
Qe7 22. f3 Re8 23. Rf1 1/2-1/2

[Event "AUTO-ADV-4915"]
[Site "http://www.queenalice.com/game.php?id=1868449"]
[Date "2026.1.26"]
[Round "1"]
[White "Capixaba789"]
[Black "Magnaroc"]
[Result "1-0"]
[WhiteElo "1859"]
[BlackElo "1913"]

1. d4 e6 2. e4 d5 3. exd5 exd5 4. Nc3 Nf6 5. Nf3 Bb4 6. Bd2 Bg4 7. Be2 O-O 8.
O-O h6 9. Ne5 Bxe2 10. Qxe2 Re8 11. Qf3 Nbd7 12. Qg3 Kh8 13. Nxf7+ 1-0